000 00500nam a2200169 i 4500
001 44669
003 ES-MaACL
005 20230906161056.0
007 t|
008 030324s1964 sp ||||1| spa d
245 0 0 _aCinc temes sobre civisme /
_c[selecció a cura de J. B. C.].
260 _aBarcelona :
_b[Mediterránea],
_c1964.
300 _a47 p. ;
_c22 cm.
500 _aPrecede al tít.: Edicions d'aportació catalana.
500 _aEs el nº XIII.
852 _aES-MaACL
_j2048-F-24
_bR.57936
999 _c44669
_d44669